Iraq's Borders Quiz Stats

 Plays Quiz Updated May 6, 2016

Also try: Germany's Borders
Challenge
Share
Tweet
Embed
Score 0/6 Timer 00:30
0 Plays Today
Country % Correct
Iran
98.7%
Syria
77.3%
Saudi Arabia
75%
Kuwait
73.3%
Jordan
68.2%
Turkey
64.3%

You're not logged in!

Compare scores with friends on all Sporcle quizzes.
Join for Free
OR
Log In

You Might Also Like...

Show Comments

Extras

Top Quizzes Today


Score Distribution

Your Account Isn't Verified!

In order to create a playlist on Sporcle, you need to verify the email address you used during registration. Go to your Sporcle Settings to finish the process.

Report this User

Report this user for behavior that violates our Community Guidelines.

Details: